Design of an autonomous lunar construction utility vehicle.

Bibliographic Details
Corporate Author: NASA/USRA University Advanced Design Program
Format: Government Document Microform Book
Language:English
Published: [Norfolk, Va.] : NASA/USRA Advanced Design Program, Old Dominion University, [1990?]
Series:NASA contractor report ; NASA/CR-186832.
Subjects:
Online Access:https://purl.fdlp.gov/GPO/LPS64964

MARC

Tag First Indicator Second Indicator Subfields
LEADER 00000cam a22000007a 4500
001 in00002111521
005 20211202203705.0
007 he bmb024bbca
008 051103s1990 vau b f000 0 eng d
035 |a (OCoLC)ocm62214694 
037 |a N 90-26330  |b NASA 
040 |a GPO  |c GPO  |d DLC  |d MvI  |d UtOrBLW 
049 |a UMIC 
049 |a WWW 
074 |a 0830-H-14 (MF) 
074 |a 0830-H-14 (online) 
086 0 |a NAS 1.26:186832 
245 0 0 |a Design of an autonomous lunar construction utility vehicle. 
264 1 |a [Norfolk, Va.] :  |b NASA/USRA Advanced Design Program, Old Dominion University,  |c [1990?] 
300 |a 1 volume 
336 |a text  |b txt  |2 rdacontent 
337 |a microform  |b h  |2 rdamedia 
338 |a microfiche  |b he  |2 rdacarrier 
490 1 |a NASA contractor report ;  |v NASA/CR-186832 
500 |a Shipping list number: 91-0439-M. 
500 |a "1989-1990." 
530 |a Also available via Internet from the NASA Technical Report Server web site. Address as of 11/3/05: http://ntrs.nasa.gov/archive/nasa/casi.ntrs.nasa.gov/19900017014%5F1990017014.pdf; current access available via PURL. 
533 |a Microfiche.  |b [Washington, D.C. :  |c National Aeronautics and Space Administration,  |d 1990].  |e 2 microfiches. 
500 |a Microform. 
650 7 |a Construction.  |2 nasat 
650 7 |a Design analysis.  |2 nasat 
650 7 |a Lunar bases.  |2 nasat 
650 7 |a Lunar surface vehicles.  |2 nasat 
650 7 |a Tracked vehicles.  |2 nasat 
710 2 |a NASA/USRA University Advanced Design Program. 
830 0 |a NASA contractor report ;  |v NASA/CR-186832. 
856 4 1 |u https://purl.fdlp.gov/GPO/LPS64964  |t 0 
999 |a MARS 
999 f f |s 1177b0ab-523a-3ecf-b004-0e8453ef20ec  |i 23594d2e-58b9-3e3b-92f4-c7fbf0b83889  |t 0 
952 f f |a Texas A&M University  |b College Station  |c Electronic Resources  |d Available Online  |t 0  |e NAS 1.26:186832  |h Superintendent of Documents classification 
998 f f |a NAS 1.26:186832  |t 0  |l Available Online